000 00365nam a2200145Ia 4500
008 210210b1955 xxu||||| |||| 00| 0 eng d
041 _aeng
082 _a825/882
100 _aWAIN (John) Ed
245 _aInterpretations
260 _aLondon
_bRoutledge and Kegan Paul Ltd.
_c1955
650 _aInterpretations
690 _aEnglish Criticism
906 _a015197
999 _c134514
_d134514